书目信息 |
| 题名: |
俞敏洪内部讲话
|
|
| 作者: | 贾丹丹 著 | |
| 分册: | ||
| 出版信息: | 北京 新世界出版社 2013 |
|
| 页数: | 214页 | |
| 开本: | 24cm | |
| 丛书名: | ||
| 单 册: | ||
| 中图分类: | F279.23 | |
| 科图分类: | ||
| 主题词: | 企业管理--经验--中国 , 企业管理 | |
| 电子资源: | ||
| ISBN: | 978-7-5104-4638-2 | |
| 000 | 00937nam0 2200253 450 | |
| 001 | 523 | |
| 005 | 20140909092913.92 | |
| 010 | @a978-7-5104-4638-2@dCNY39.80 | |
| 100 | @a20131225d2013 em y0chiy50 ea | |
| 101 | 0 | @achi |
| 102 | @aCN@b110000 | |
| 105 | @ay z 000yy | |
| 106 | @ar | |
| 200 | 1 | @a俞敏洪内部讲话@AYu Min Hong Nei Bu Jiang Hua@e关键时,俞敏洪说了什么@EGuan Jian Shi, Yu Min Hong Shuo Liao Shi Me@f贾丹丹著@FJia Dan Dan Zhu |
| 210 | @a北京@c新世界出版社@d2013 | |
| 215 | @a214页@d24cm | |
| 330 | @a本书讲述了俞敏洪如何在一文不名时敢于想象,在艰苦危难时勇于拼搏,以及他如何在企业顺利发展时保持冷静,并在功成名就之后仍然坚守本色等。 | |
| 517 | 1 | @a关键时,俞敏洪说了什么@AGuan Jian Shi, Yu Min Hong Shuo Liao Shi Me |
| 606 | 0 | @a企业管理@x经验@y中国 |
| 606 | 0 | @a企业管理 |
| 690 | @aF279.23@v5 | |
| 701 | 0 | @a贾丹丹@AJia Dan Dan@4著 |
| 801 | 0 | @aCN@bTANGWEI@c20140603 |
| 905 | @b0837724-26@dF279.23@e1135@f3 | |
| 俞敏洪内部讲话:关键时,俞敏洪说了什么/贾丹丹著.-北京:新世界出版社,2013 |
| 214页;24cm |
| ISBN 978-7-5104-4638-2:CNY39.80 |
| 本书讲述了俞敏洪如何在一文不名时敢于想象,在艰苦危难时勇于拼搏,以及他如何在企业顺利发展时保持冷静,并在功成名就之后仍然坚守本色等。 |
| ● |
| 相关链接 |
|
|
|
|
正题名:俞敏洪内部讲话
索取号:F279.23/1135
 
预约/预借
| 序号 | 登录号 | 条形码 | 馆藏地/架位号 | 状态 | 备注 |
| 1 | 0837724 | 208377246 | 第一样本阅览室/ [索取号:F279.23/1135] | 在馆 | |
| 2 | 0837725 | 208377255 | 第一借阅区/ [索取号:F279.23/1135] | 在馆 | |
| 3 | 0837726 | 208377264 | 第一借阅区/ [索取号:F279.23/1135] | 在馆 |